Cuidades de catalunya/ Ciutats de catalunya - Estadísticas

Estadísticas generales
  • Esta prueba ha sido intentada 164 veces
    73 desde el último reinicio
  • La puntuación promedio es 11 de 15
Estadísticas de respuestas
Imagen Respuesta % Correcto
Barcelona
100%
Girona
100%
Figueres
93%
Vic
90%
Lleida
89%
Badalona
87%
Sabadell
84%
Tarragona
82%
Terrassa
80%
Manresà
74%
Mataró
62%
Reus
59%
Granollers
51%
Hospitalet de Llobregat
41%
Santa Coloma de Gramenet
36%
No se encontraron pruebas coincidentes
Distribución de puntuación
Porcentaje de gente con cada puntuación
Porcentaje por número respondido
Historial de tus puntuaciones
No has intentado esta prueba desde el último reinicio